008340000a22002890004500440005200000500002800052650001600080650001100096650001700107650001500124650001100139650001500150082002100165518001100186530000600197100001900203100002600222245010100248020001800349260003700367260000900404041000800413300001400421942000800435999001700443952008400460 aRoutledge history of linguistics thought series aBibliography: p.259-280 aLinguistics aFrench aAnthropology aPhilosophy aTheory aIdeologies a448.09bR422LcT a980628 aM aRicken, Ulrich aNorton, Robert E. tr. aLinguistics, anthropology and philosophy in the French enlightment; language theory and ideology a0-415-07679-x aLondonbRoutledge, Great Britain c1994 aEng aix, 287p. cGEN c14550d14550 00104070aTUCLbTUCLd2010-06-20l0p1154422r2010-06-20 00:00:00w2010-06-20